[Event "OLSW 2324 SC Caissa Schwarzenbach - SV K"]
[Site "?"]
[Date "2024.01.14"]
[Round "5.1"]
[White "Petersen, Henrik"]
[Black "Chassard, Cedric"]
[Result "1-0"]
[WhiteElo "2144"]
[BlackElo "2253"]
[PlyCount "115"]
[EventDate "2024.??.??"]

1. e4 e5 2. Nf3 Nc6 3. Nc3 Nf6 4. Bb5 Bd6 5. d3 h6 6. O-O O-O 7. h3 Re8 8. Bxc6 dxc6 9. Ne2 Nh5 10. Nd2 Qh4 11. Kh2 Nf4 12. Ng1 Qf6 13. Qf3 Be7 14. Nc4 Ne6 15. Qg3 Bd6 16. Ne2 Bd7 17. f4 exf4 18. Nxf4 Qg5 19. Qxg5 Nxg5 20. Nxd6 cxd6 21. Nh5 f6 22. Bd2 Re7 23. Bc3 Rf8 24. Rf2 Be8 25. Ng3 Bd7 26. Raf1 c5 27. h4 Nf7 28. b3 Ne5 29. Bxe5 dxe5 30. a4 Bg4 31. Nf5 Bxf5 32. Rxf5 Rd8 33. g4 Kf7 34. Kg2 Re6 35. g5 hxg5 36. hxg5 Rh8 37. gxf6 gxf6 38. R1f2 Rh6 39. Kf3 Rd6 40. Ke3 Ke6 41. Rg2 Kd7 42. Rg7+ Kc6 43. Kd2 a6 44. a5 Rd7 45. Rxd7 Kxd7 46. Kc3 Kc6 47. Kc4 Rg6 48. Rf3 Kd6 49. Rf2 Rh6 50. Rg2 f5 51. exf5 Rh4+ 52. Kc3 Rf4 53. Rg6+ Kc7 54. f6 Kc6 55. f7+ Kd5 56. Kd2 Rxf7 57. c4+ Kd4 58. Rd6# 1-0

[Event "OLSW 2324 SC Caissa Schwarzenbach - SV K"]
[Site "?"]
[Date "2024.01.14"]
[Round "5.2"]
[White "Jeschke, Jan"]
[Black "Bohn, Thomas"]
[Result "1-0"]
[WhiteElo "2127"]
[BlackElo "2312"]
[PlyCount "85"]
[EventDate "2024.??.??"]

1. e4 e6 2. d4 d5 3. Nd2 c5 4. exd5 exd5 5. Ngf3 Nc6 6. Bb5 Bd6 7. dxc5 Bxc5 8. O-O Nge7 9. Nb3 Bd6 10. Bg5 O-O 11. Bh4 Qb6 12. Be2 Be6 13. Bg3 Bxg3 14. hxg3 Nf5 15. Kh2 a5 16. a4 Rad8 17. Bd3 d4 18. Ng5 Ne5 19. Qh5 h6 20. Nxe6 fxe6 21. Rad1 Qb4 22. Qe2 Nxd3 23. Qxe6+ Kh8 24. Rxd3 Ne3 25. Rg1 Nxc2 26. Qe2 Rf5 27. Rc1 Rdf8 28. Rxc2 Rxf2 29. Qxf2 Rxf2 30. Rxf2 Qxa4 31. Nxd4 Qc4 32. Rdd2 a4 33. Rf4 Qc1 34. Nf3 b5 35. Rf8+ Kh7 36. Rb8 Qc5 37. Rd4 g5 38. Rd7+ Kg6 39. Rdb7 a3 40. Rxb5 Qc1 41. R8b6+ Kh5 42. bxa3 Qh1+ 43. Kxh1 1-0

[Event "OLSW 2324 SC Caissa Schwarzenbach - SV K"]
[Site "?"]
[Date "2024.01.14"]
[Round "5.3"]
[White "Stahnecker, Ludwig"]
[Black "Englisch, Colya"]
[Result "1-0"]
[WhiteElo "2176"]
[BlackElo "2152"]
[PlyCount "107"]
[EventDate "2024.??.??"]

1. e4 d6 2. d4 Nf6 3. Nc3 g6 4. f4 Bg7 5. Nf3 O-O 6. Bd3 Nc6 7. O-O e5 8. d5 Ne7 9. fxe5 dxe5 10. Qe1 Ne8 11. Qh4 f6 12. Bh6 Nd6 13. Bxg7 Kxg7 14. Rf2 Bd7 15. Raf1 Ng8 16. Qg3 Qe7 17. h4 h5 18. Nh2 Nh6 19. Be2 Kh7 20. Qe3 a6 21. g3 Rae8 22. Qc5 Bc8 23. b3 Kg7 24. Bf3 Rf7 25. Bg2 Ng4 26. Nxg4 Bxg4 27. Qe3 Ref8 28. Na4 Qd7 29. Nc5 Qc8 30. c4 c6 31. Rc1 Rc7 32. Rfc2 Rff7 33. Na4 c5 34. Nb6 Qb8 35. a3 Qa7 36. Na4 b6 37. b4 Bd7 38. Nb2 Rf8 39. Nd3 Rfc8 40. bxc5 bxc5 41. Rf1 Bg4 42. Rxf6 Kxf6 43. Qg5+ Kg7 44. Qxe5+ Kh7 45. Qxd6 Rd7 46. Qf4 Rf7 47. Qe3 Qe7 48. Rb2 Qc7 49. e5 Bf5 50. d6 Qa5 51. e6 Rf6 52. Rb7+ Kg8 53. Qh6 Bxd3 54. Qg7# 1-0

[Event "OLSW 2324 SC Caissa Schwarzenbach - SV K"]
[Site "?"]
[Date "2024.01.14"]
[Round "5.4"]
[White "Tabatt, Hendrik"]
[Black "Berresheim, Helmut"]
[Result "1-0"]
[WhiteElo "2313"]
[BlackElo "2043"]
[PlyCount "101"]
[EventDate "2024.??.??"]

1. c4 f5 2. Nc3 Nf6 3. Nf3 d6 4. d4 g6 5. Bf4 Bg7 6. Qc1 e6 7. c5 a6 8. Bh6 O-O 9. Bxg7 Kxg7 10. e3 Nc6 11. cxd6 cxd6 12. Be2 e5 13. O-O Qe8 14. Rd1 h6 15. dxe5 dxe5 16. Na4 g5 17. Nb6 Rb8 18. Nd2 Be6 19. Ndc4 Qe7 20. Nd6 Rbd8 21. Qc5 Ne8 22. Nxe8+ Rfxe8 23. Qxe7+ Rxe7 24. a3 Rc7 25. Rac1 Rxd1+ 26. Bxd1 Re7 27. Rc5 e4 28. Ba4 Nd8 29. Nd5 b6 30. Nxe7 bxc5 31. Nc6 Nxc6 32. Bxc6 Kf6 33. Kf1 Ke5 34. Ke1 Kd6 35. Bb7 Bc4 36. Bc8 Ke5 37. Kd2 h5 38. g3 f4 39. Kc3 Bf1 40. gxf4+ gxf4 41. b4 fxe3 42. fxe3 Kd6 43. h4 Kc6 44. Bf5 Bg2 45. Bg6 Bf3 46. Be8+ Kd6 47. b5 a5 48. b6 Be2 49. Ba4 Bf3 50. b7 Kc7 51. Bc6 1-0

[Event "OLSW 2324 SC Caissa Schwarzenbach - SV K"]
[Site "?"]
[Date "2024.01.14"]
[Round "5.5"]
[White "Suranyi, Pal"]
[Black "Gress, Alexander"]
[Result "1/2-1/2"]
[WhiteElo "2002"]
[BlackElo "2093"]
[PlyCount "99"]
[EventDate "2024.??.??"]

1. d4 c5 2. d5 Nf6 3. c4 b5 4. cxb5 a6 5. bxa6 g6 6. Nc3 Bg7 7. Nf3 O-O 8. g3 d6 9. Bg2 Nbd7 10. O-O Nb6 11. Nd2 Bxa6 12. Rb1 Nfd7 13. Qc2 c4 14. Nde4 Qc7 15. Be3 Bb7 16. Qd2 Ra5 17. b4 cxb3 18. axb3 Nxd5 19. Nxd5 Rxd5 20. Rfc1 Qb8 21. Qb4 Re5 22. Qxb7 Qxb7 23. Nf6+ Nxf6 24. Bxb7 Rb8 25. Rc8+ Rxc8 26. Bxc8 Nd5 27. Bd4 Rxe2 28. Bxg7 Kxg7 29. b4 Re4 30. b5 Rb4 31. Rxb4 Nxb4 32. b6 Kf6 33. f4 e6 34. Bd7 Ke7 35. b7 Na6 36. Bb5 Nb8 37. g4 f6 38. h4 Kd8 39. h5 gxh5 40. g5 fxg5 41. fxg5 Kc7 42. Bd3 Nc6 43. Bxh7 Nd4 44. Be4 d5 45. g6 Nc6 46. g7 Ne7 47. Bg6 Kxb7 48. Bf7 Kc6 49. Bxe6 Kd6 50. g8=Q 1/2-1/2

[Event "OLSW 2324 SC Caissa Schwarzenbach - SV K"]
[Site "?"]
[Date "2024.01.14"]
[Round "5.6"]
[White "Forthoffer, Patrick"]
[Black "Bohn, Ulrich"]
[Result "0-1"]
[WhiteElo "2104"]
[BlackElo "2126"]
[PlyCount "88"]
[EventDate "2024.??.??"]

1. d4 Nf6 2. c4 c5 3. d5 b5 4. cxb5 a6 5. bxa6 g6 6. Nc3 Bxa6 7. Nf3 d6 8. e4 Bxf1 9. Kxf1 Qc8 10. h3 Bg7 11. g3 O-O 12. Kg2 Na6 13. Bg5 Qb7 14. Qe2 Rfb8 15. Rab1 Nc7 16. a4 h6 17. Bf4 Nd7 18. Qd2 g5 19. Be3 Qb4 20. Qc2 Nb6 21. h4 g4 22. Nd2 Nxa4 23. Nxa4 Qxa4 24. b3 Qb4 25. h5 Nb5 26. Qd1 f5 27. Rc1 Nc3 28. Qc2 Ra2 29. Qd3 fxe4 30. Qc4 Bd4 31. Qxb4 Rxb4 32. Nf1 Nxd5 33. Bxd4 cxd4 34. Rh4 Nf6 35. Nh2 e3 36. Nxg4 Nxg4 37. Rxg4+ Kf7 38. Rf4+ Ke6 39. Re1 Rxb3 40. Rxd4 Rxf2+ 41. Kh3 Ke5 42. Ra4 d5 43. Kh4 d4 44. g4 e2 0-1

[Event "OLSW 2324 SVG Saarbrücken - SF Heideshe"]
[Site "?"]
[Date "2024.01.14"]
[Round "5.1"]
[White "Perske, Thore"]
[Black "Bastian, Herbert"]
[Result "1-0"]
[WhiteElo "2449"]
[BlackElo "2236"]
[PlyCount "77"]
[EventDate "2024.??.??"]

1. e4 c5 2. Nf3 e6 3. c3 d5 4. exd5 exd5 5. d4 Nf6 6. Bb5+ Bd7 7. Qe2+ Be7 8. dxc5 O-O 9. O-O Re8 10. Bg5 Bxc5 11. Qd3 Qb6 12. Bxd7 Nbxd7 13. b4 Bd6 14. Nbd2 Rac8 15. Rac1 Qc7 16. a3 Bf4 17. Bxf4 Qxf4 18. c4 dxc4 19. Rxc4 Rxc4 20. Nxc4 Qe4 21. Qxe4 Rxe4 22. Rc1 h6 23. Kf1 Re6 24. Nd4 Ra6 25. Nb5 g6 26. Na5 Nd5 27. Nxb7 Rb6 28. N5d6 Ra6 29. Rc8+ Kh7 30. Rd8 N7f6 31. Na5 Kg7 32. g3 Nc3 33. Ndc4 Re6 34. Rd3 Na4 35. f3 g5 36. Kf2 g4 37. Re3 gxf3 38. Kxf3 Ra6 39. b5 1-0

[Event "OLSW 2324 SVG Saarbrücken - SF Heideshe"]
[Site "?"]
[Date "2024.01.14"]
[Round "5.2"]
[White "Vogel, Christian"]
[Black "Carow, Johannes"]
[Result "0-1"]
[WhiteElo "2140"]
[BlackElo "2449"]
[PlyCount "120"]
[EventDate "2024.??.??"]

1. Nf3 c5 2. g3 Nc6 3. d4 cxd4 4. Nxd4 Qb6 5. Nb3 Nf6 6. Bg2 d5 7. O-O Bf5 8. Be3 Qc7 9. Nc3 Rd8 10. Nb5 Qb8 11. N5d4 Bg4 12. h3 Bh5 13. Qd3 e6 14. Qb5 a6 15. Nxc6 axb5 16. Nxb8 Rxb8 17. Bf3 Bxf3 18. exf3 b4 19. Nc5 Nd7 20. Nd3 Rc8 21. Rfc1 Bd6 22. f4 Nb8 23. Bd2 Nc6 24. c3 bxc3 25. Rxc3 Ke7 26. Rac1 Ra8 27. Rb3 Rhb8 28. Nb4 Na5 29. Re3 Kd7 30. b3 Nc6 31. Nxc6 bxc6 32. Rc2 Ra6 33. Bc3 f6 34. Bd4 Rba8 35. a4 Rb8 36. Rd3 Ra5 37. Be3 Raa8 38. Rdc3 Ra6 39. Kf1 e5 40. fxe5 fxe5 41. Rd3 d4 42. f4 c5 43. fxe5 Be7 44. Bd2 Ke6 45. a5 Kd5 46. Rc4 Bd8 47. Ra4 Rba8 48. b4 c4 49. Rda3 Rb8 50. Ke2 Be7 51. Be1 Rb5 52. Rf3 Ke6 53. Rf4 Kxe5 54. Rf7 Bf6 55. Rc7 Kd5 56. Bf2 Be5 57. Rd7+ Ke4 58. Kd1 d3 59. Bc5 Rf6 60. Ke1 Bc3+ 0-1

[Event "OLSW 2324 SVG Saarbrücken - SF Heideshe"]
[Site "?"]
[Date "2024.01.14"]
[Round "5.3"]
[White "Wilhelm, Till"]
[Black "Jenner, Meikel"]
[Result "1-0"]
[WhiteElo "2402"]
[BlackElo "1949"]
[PlyCount "85"]
[EventDate "2024.??.??"]

1. d4 Nf6 2. c4 c5 3. d5 b5 4. cxb5 a6 5. bxa6 g6 6. Nc3 Bg7 7. e4 d6 8. Nf3 Qa5 9. Bb5+ Nfd7 10. Bd2 Bxa6 11. a4 Qb4 12. Qc2 Bxb5 13. Nxb5 Qxb5 14. axb5 Rxa1+ 15. Bc1 O-O 16. O-O Nb6 17. Bg5 Ra7 18. Bd2 N8d7 19. Bc3 h6 20. Re1 Ra2 21. h3 Rfa8 22. Bxg7 Kxg7 23. e5 Nxd5 24. e6 Nf8 25. exf7 Kxf7 26. Qd2 Nf6 27. Qxh6 N8h7 28. Qe3 R2a7 29. h4 Rb8 30. Ng5+ Nxg5 31. hxg5 Ng8 32. Qb3+ Kg7 33. b6 Rab7 34. Re6 Rf8 35. Qc3+ Kh7 36. Re3 e5 37. Rf3 Rd8 38. Qc4 Kg7 39. Qe6 Rdd7 40. Qd5 e4 41. Qxe4 Rxb6 42. Qe8 Re7 43. Qf8+ 1-0

[Event "OLSW 2324 SVG Saarbrücken - SF Heideshe"]
[Site "?"]
[Date "2024.01.14"]
[Round "5.4"]
[White "Zha, Kevin"]
[Black "Hinrichs, Paul"]
[Result "0-1"]
[WhiteElo "1905"]
[BlackElo "2237"]
[PlyCount "150"]
[EventDate "2024.??.??"]

1. g3 d5 2. Bg2 e5 3. d3 Nc6 4. a3 a5 5. Nf3 g6 6. Bg5 f6 7. Bc1 Be6 8. O-O Nge7 9. Nc3 Qd7 10. e4 d4 11. Ne2 Bg7 12. Ne1 O-O 13. c3 dxc3 14. bxc3 Rad8 15. Be3 f5 16. Qc2 b6 17. f4 fxe4 18. dxe4 a4 19. Qxa4 Nd4 20. Qd1 Nb3 21. Qxd7 Rxd7 22. Rb1 Nd2 23. Bxd2 Rxd2 24. Rf2 Bc4 25. Bf1 Bxe2 26. Bxe2 Kh8 27. Nf3 Ra2 28. Nxe5 Rxa3 29. Rc1 Bxe5 30. fxe5 Rxf2 31. Kxf2 Nc6 32. e6 Kg7 33. Ke3 Kf6 34. Bg4 Ne5 35. Bh3 Ra2 36. Rf1+ Ke7 37. Rf2 Ra3 38. Rc2 Ra4 39. Rf2 Rc4 40. Rc2 h5 41. Bf1 Ng4+ 42. Kf4 Rc5 43. h4 Ne5 44. Bh3 Kf6 45. Ke3 b5 46. Kd4 Rc4+ 47. Kd5 Nc6 48. Rf2+ Ke7 49. Rf3 Nd8 50. Ke5 Rc5+ 51. Kd4 Rc6 52. Ke5 Rd6 53. Kf4 Nxe6+ 54. Bxe6 Kxe6 55. Ke3 c5 56. g4 hxg4 57. Rg3 c4 58. Ke2 Rd3 59. Rxg4 Rxc3 60. Rxg6+ Kd7 61. Rb6 Rb3 62. Kd2 Kc7 63. Rg6 b4 64. h5 Rh3 65. Rg5 c3+ 66. Kc2 Rh2+ 67. Kb3 Rb2+ 68. Kc4 c2 69. Rc5+ Kd6 70. e5+ Ke6 71. Kd3 b3 72. h6 Rb1 73. h7 Rh1 74. Kd2 b2 75. h8=Q c1=Q+ 0-1

[Event "OLSW 2324 SVG Saarbrücken - SF Heideshe"]
[Site "?"]
[Date "2024.01.14"]
[Round "5.5"]
[White "Foerster, Erik"]
[Black "Busche, Stefan"]
[Result "1-0"]
[WhiteElo "2148"]
[BlackElo "2040"]
[PlyCount "91"]
[EventDate "2024.??.??"]

1. d4 Nf6 2. Nf3 g6 3. g3 Bg7 4. Bg2 O-O 5. O-O d5 6. c4 dxc4 7. Na3 c3 8. bxc3 c5 9. Qb3 cxd4 10. cxd4 Nc6 11. Rd1 Nd5 12. Nc4 Nb6 13. Nxb6 Qxb6 14. Be3 Qxb3 15. axb3 Be6 16. d5 Bxd5 17. Nd4 Bxg2 18. Kxg2 Bxd4 19. Bxd4 Rfd8 20. Be3 a6 21. Bb6 Rxd1 22. Rxd1 Kf8 23. Rd7 Ke8 24. Rxb7 Rb8 25. Rxb8+ Nxb8 26. Kf3 Nc6 27. Ke4 e6 28. Kd3 Kd7 29. Kc4 f5 30. Kc5 g5 31. h3 h5 32. b4 g4 33. h4 e5 34. Ba5 Nd4 35. e3 Ne2 36. Kb6 Nxg3 37. fxg3 f4 38. exf4 exf4 39. Kxa6 fxg3 40. Bb6 Kc6 41. b5+ Kd5 42. Bg1 Ke4 43. b6 Kf3 44. b7 Kg2 45. b8=Q Kh3 46. Qd8 1-0

[Event "OLSW 2324 SVG Saarbrücken - SF Heideshe"]
[Site "?"]
[Date "2024.01.14"]
[Round "5.6"]
[White "Birkenheier, Nicolas"]
[Black "Perske, Paul"]
[Result "0-1"]
[WhiteElo "1765"]
[BlackElo "2077"]
[PlyCount "120"]
[EventDate "2024.??.??"]

1. e4 e5 2. Nf3 Nc6 3. Bc4 Bc5 4. c3 Nf6 5. d3 a6 6. O-O d6 7. Nbd2 O-O 8. Re1 Na5 9. b4 Nxc4 10. Nxc4 Ba7 11. Bg5 h6 12. Be3 Be6 13. Bxa7 Rxa7 14. Ne3 a5 15. b5 a4 16. Qc2 Re8 17. Rac1 Ra5 18. c4 Nd7 19. Qc3 Ra8 20. d4 exd4 21. Qxd4 Qf6 22. Qxf6 Nxf6 23. Nd5 Bxd5 24. exd5 Nd7 25. Rxe8+ Rxe8 26. Kf1 Nb6 27. Nd2 Kf8 28. Re1 Re5 29. f3 Ke7 30. Rxe5+ dxe5 31. Ke2 f5 32. Kd3 Kd6 33. g4 g6 34. gxf5 gxf5 35. Nf1 Kc5 36. Ne3 f4 37. Ng4 Nxc4 38. Nxh6 Kxd5 39. Ng4 Nd6 40. h4 Nxb5 41. h5 Nd6 42. h6 Nf7 43. h7 b5 44. Nf6+ Ke6 45. Ne4 Kf5 46. Kc3 Kg6 47. Kb4 Kxh7 48. Nf6+ Kg6 49. Nd5 Ng5 50. Kxb5 Nxf3 51. Kxa4 Nd4 52. Kb4 f3 53. Ne3 f2 54. Kc4 Kg5 55. a4 Kf4 56. Nf1 Nc6 57. Kd3 Kf3 58. Ne3 e4+ 59. Kd2 Na5 60. Nf1 c5 0-1

[Event "OLSW 2324 SVG Saarbrücken - SF Heideshe"]
[Site "?"]
[Date "2024.01.14"]
[Round "5.7"]
[White "Enzmann, Steffen"]
[Black "Braun, Burkhard"]
[Result "1-0"]
[WhiteElo "2152"]
[BlackElo "1759"]
[PlyCount "61"]
[EventDate "2024.??.??"]

1. d4 Nf6 2. Nc3 d5 3. Bf4 c6 4. e3 Bg4 5. f3 Bh5 6. h4 h6 7. Bd3 e6 8. g4 Bg6 9. Bxg6 fxg6 10. Qd3 Kf7 11. Nge2 Nh7 12. O-O-O Na6 13. h5 Qf6 14. Be5 Nb4 15. Qd2 Qe7 16. Nf4 gxh5 17. gxh5 Rg8 18. a3 Ng5 19. Ng6 Qd8 20. Nxf8 Kxf8 21. axb4 Qb6 22. Bd6+ Ke8 23. Qd3 Kd7 24. Bc5 Qc7 25. f4 Nf7 26. Qg6 Raf8 27. Bxf8 Rxf8 28. Qxg7 Ke8 29. f5 exf5 30. Rhf1 Qe7 31. Rxf5 1-0

[Event "OLSW 2324 SVG Saarbrücken - SF Heideshe"]
[Site "?"]
[Date "2024.01.14"]
[Round "5.8"]
[White "Spektorov, Leonid"]
[Black "Hettergott, Thomas"]
[Result "0-1"]
[WhiteElo "1823"]
[BlackElo "2038"]
[PlyCount "120"]
[EventDate "2024.??.??"]

1. d4 d6 2. Nf3 g6 3. c3 Nf6 4. Bf4 Bg7 5. e3 O-O 6. Nbd2 Nc6 7. Bd3 e5 8. Bg3 Re8 9. Qc2 exd4 10. Nxd4 Nxd4 11. cxd4 Nh5 12. O-O Nxg3 13. hxg3 c6 14. Rac1 d5 15. b4 a6 16. Nb3 Bf8 17. a3 Bd6 18. Nd2 Qg5 19. Nf3 Qh5 20. Rce1 Bd7 21. e4 dxe4 22. Rxe4 Rxe4 23. Bxe4 a5 24. bxa5 Rxa5 25. a4 Ra7 26. Ra1 f5 27. Qb3+ Kg7 28. Bc2 f4 29. gxf4 Bxf4 30. Qb6 Qa5 31. Qxa5 Rxa5 32. Rb1 b5 33. axb5 cxb5 34. g3 Bd6 35. Ne5 Be8 36. Be4 Ra4 37. Bc6 Bxc6 38. Nxc6 Rc4 39. d5 b4 40. Kf1 Kf6 41. Ke2 Rc5 42. Nxb4 Rb5 43. Kd3 Rxb4 44. Rxb4 Bxb4 45. f4 Kf5 46. Ke3 h5 47. Kf3 Bc5 48. Kg2 Kg4 49. Kh2 Bf2 50. d6 Bxg3+ 51. Kg2 Bxf4 52. d7 Bc7 53. Kh1 Kf3 54. Kg1 g5 55. Kh1 g4 56. Kg1 g3 57. Kh1 g2+ 58. Kg1 Bb6+ 59. Kh2 g1=Q+ 60. Kh3 Qg3# 0-1

[Event "OLSW 2324 SK Landau - SK Frankenthal"]
[Site "?"]
[Date "2024.01.14"]
[Round "5.1"]
[White "Syrov, Arkadi"]
[Black "Kopp, Bjoern"]
[Result "1/2-1/2"]
[WhiteElo "2219"]
[BlackElo "2224"]
[PlyCount "127"]
[EventDate "2024.??.??"]

1. Nf3 d5 2. g3 Nd7 3. d4 Nb6 4. Bg2 Bf5 5. O-O e6 6. Nbd2 Be7 7. c4 c6 8. b3 Nf6 9. Ne5 h5 10. Bb2 h4 11. e4 Nxe4 12. Nxe4 dxe4 13. Qe2 Bf6 14. Bxe4 Bh3 15. Rfd1 hxg3 16. hxg3 Bxe5 17. dxe5 Qg5 18. Bc1 Qh5 19. Qxh5 Rxh5 20. f4 Bg4 21. Rd4 Nd7 22. Be3 g5 23. b4 gxf4 24. gxf4 O-O-O 25. Bg2 Rg8 26. Kf2 f6 27. exf6 Nxf6 28. Rg1 Bf5 29. Rh1 Ng4+ 30. Kf3 Nh2+ 31. Kf2 Ng4+ 32. Kf3 Rxh1 33. Bxh1 Nxe3 34. Kxe3 Rg3+ 35. Kf2 Ra3 36. Rd2 Rc3 37. c5 Rc4 38. Rb2 Rxf4+ 39. Ke3 Rc4 40. Bf3 a5 41. bxa5 Rxc5 42. a6 bxa6 43. Rb6 Ra5 44. Rxc6+ Kd7 45. Rb6 Rxa2 46. Be2 a5 47. Bc4 Rc2 48. Kd4 Kc7 49. Rb5 a4 50. Ra5 Kd6 51. Ra6+ Ke7 52. Rxa4 Kf6 53. Ra5 Rh2 54. Ke3 Rh3+ 55. Kf2 Rc3 56. Bf1 Kg5 57. Bg2 Rc4 58. Bh3 Rc2+ 59. Kf1 Kf4 60. Bxf5 exf5 61. Ra3 Kg4 62. Rb3 f4 63. Ra3 f3 64. Ra8 1/2-1/2

[Event "OLSW 2324 SK Landau - SK Frankenthal"]
[Site "?"]
[Date "2024.01.14"]
[Round "5.2"]
[White "Schmidt, Justus"]
[Black "Huseynov, Ahad"]
[Result "0-1"]
[WhiteElo "2195"]
[BlackElo "2095"]
[PlyCount "76"]
[EventDate "2024.??.??"]

1. Nf3 Nf6 2. g3 e6 3. Bg2 Be7 4. O-O d5 5. d3 O-O 6. Nbd2 c5 7. e4 Nc6 8. Re1 b5 9. exd5 exd5 10. d4 c4 11. a4 Qa5 12. Ne5 Nxd4 13. c3 Ne6 14. Nc6 Qc7 15. Nxe7+ Qxe7 16. axb5 Qc7 17. b3 cxb3 18. Ba3 b2 19. Rb1 Re8 20. c4 Bb7 21. Bxb2 dxc4 22. Bxf6 gxf6 23. Qg4+ Ng7 24. Bxb7 Qxb7 25. Qxc4 Rac8 26. Qb4 f5 27. Qf4 Rxe1+ 28. Rxe1 Qxb5 29. Nf3 Re8 30. Rc1 Qd5 31. Nh4 a5 32. h3 Qe4 33. Qd2 Qb4 34. Qd1 a4 35. Rb1 Qe4 36. Ra1 Ra8 37. Qd6 Ne6 38. Ra3 Rd8 0-1

[Event "OLSW 2324 SK Landau - SK Frankenthal"]
[Site "?"]
[Date "2024.01.14"]
[Round "5.3"]
[White "Syska, Albert"]
[Black "Bold, Andre"]
[Result "0-1"]
[WhiteElo "2150"]
[BlackElo "2194"]
[PlyCount "124"]
[EventDate "2024.??.??"]

1. e4 c6 2. d4 d5 3. exd5 cxd5 4. Bd3 Nf6 5. c3 Nc6 6. Bf4 Bg4 7. Qb3 Qd7 8. Nd2 e6 9. Ngf3 Bxf3 10. Nxf3 Bd6 11. Bxd6 Qxd6 12. O-O O-O 13. Rfe1 Qc7 14. h3 Rab8 15. a4 a6 16. Ne5 Nxe5 17. Rxe5 b5 18. axb5 axb5 19. Qb4 Rb6 20. Ree1 Rfb8 21. g3 Qd6 22. Qc5 Rc6 23. Qb4 Qxb4 24. cxb4 Ne8 25. Rec1 Rxc1+ 26. Rxc1 Kf8 27. Rc5 Nd6 28. b3 Ra8 29. Bxb5 Rb8 30. Ba4 Rxb4 31. Rc6 Ke7 32. Rc7+ Kf6 33. Rd7 Nf5 34. Rc7 Rb8 35. Kg2 Nxd4 36. Rc3 h5 37. Rd3 Nc2 38. Rc3 Nb4 39. Rf3+ Ke7 40. Rc3 Kd6 41. Kf1 g5 42. g4 hxg4 43. hxg4 e5 44. f3 f6 45. Kg2 e4 46. fxe4 dxe4 47. Rc4 Ke5 48. Kg3 Nd5 49. Rc5 Kd4 50. Rc4+ Kd3 51. Rc5 Nc3 52. Rc6 e3 53. Rd6+ Ke2 54. Bc6 Rxb3 55. Rxf6 Ke1 56. Bf3 Ne2+ 57. Bxe2 Kxe2 58. Rd6 Ke1 59. Kf3 e2+ 60. Kg2 Rb4 61. Kg3 Kf1 62. Rf6+ Rf4 0-1

[Event "OLSW 2324 SK Landau - SK Frankenthal"]
[Site "?"]
[Date "2024.01.14"]
[Round "5.4"]
[White "Bruch, Jochen"]
[Black "Geyer, Bernhard"]
[Result "1-0"]
[WhiteElo "2199"]
[BlackElo "2134"]
[PlyCount "63"]
[EventDate "2024.??.??"]

1. Nf3 d5 2. c4 e6 3. g3 d4 4. d3 c5 5. Bg2 Nc6 6. O-O Nf6 7. e3 Be7 8. exd4 Nxd4 9. Nxd4 Qxd4 10. Nc3 O-O 11. Be3 Qd8 12. d4 cxd4 13. Qxd4 Qxd4 14. Bxd4 Nd7 15. Nb5 Bc5 16. Bxc5 Nxc5 17. b4 Nd3 18. a3 Ne5 19. Nd6 Rb8 20. c5 a6 21. Rfd1 g6 22. f4 Ng4 23. Rd3 Nf6 24. Rad1 Kg7 25. Bf3 h6 26. Kf2 g5 27. Nc4 gxf4 28. gxf4 Nd5 29. Bxd5 exd5 30. Ne3 Bd7 31. Nxd5 Bc6 32. Rg1+ 1-0

[Event "OLSW 2324 SK Landau - SK Frankenthal"]
[Site "?"]
[Date "2024.01.14"]
[Round "5.5"]
[White "Kargoll, Peter"]
[Black "Silber, Henning"]
[Result "1/2-1/2"]
[WhiteElo "2117"]
[BlackElo "2282"]
[PlyCount "100"]
[EventDate "2024.??.??"]

1. d4 d5 2. Nf3 e6 3. Bf4 c5 4. c3 Nc6 5. e3 Bd6 6. Bg3 Bxg3 7. hxg3 Qd6 8. Nbd2 Nf6 9. Bb5 a6 10. Bxc6+ bxc6 11. Ne5 cxd4 12. exd4 c5 13. Qa4+ Nd7 14. Nxd7 Bxd7 15. Qa3 Qb8 16. O-O cxd4 17. cxd4 a5 18. b3 Qb4 19. Qb2 O-O 20. a3 Qb6 21. Rfc1 Rfc8 22. Rab1 Rab8 23. Rxc8+ Rxc8 24. Nf3 f6 25. Qd2 Qc7 26. Rb2 Qc1+ 27. Kh2 Qxd2 28. Nxd2 Kf7 29. g4 Ke7 30. f4 Rc3 31. Nf3 a4 32. bxa4 Rxa3 33. g5 Rxa4 34. Rb7 Ra2 35. Rb8 Be8 36. Rb7+ Kf8 37. gxf6 gxf6 38. Rxh7 Bg6 39. Rb7 Be4 40. Kg3 Ra3 41. Rb2 Kf7 42. Kg4 Bxf3+ 43. gxf3 Ra4 44. Rd2 Ke7 45. Kg3 Kf7 46. Kg4 Kg6 47. Re2 Ra1 48. f5+ exf5+ 49. Kf4 Rd1 50. Rg2+ Kf7 1/2-1/2

[Event "OLSW 2324 SK Landau - SK Frankenthal"]
[Site "?"]
[Date "2024.01.14"]
[Round "5.6"]
[White "Lang, Torsten"]
[Black "Louis, Volker"]
[Result "1-0"]
[WhiteElo "2296"]
[BlackElo "2072"]
[PlyCount "55"]
[EventDate "2024.??.??"]

1. d4 Nf6 2. Nf3 g6 3. Bf4 Bg7 4. e3 d6 5. h3 O-O 6. Be2 c5 7. Nbd2 Nfd7 8. O-O h6 9. c3 e5 10. dxe5 dxe5 11. Bh2 Qe7 12. e4 Nc6 13. Nc4 f5 14. Qd6 Kh7 15. Qxe7 Nxe7 16. exf5 Nxf5 17. g4 e4 18. Nfd2 Nh4 19. Nxe4 Nf3+ 20. Bxf3 Rxf3 21. Rad1 b6 22. Kg2 Rf8 23. Ncd6 Ba6 24. Rfe1 Rad8 25. g5 Be5 26. Bxe5 Nxe5 27. Nf6+ Rxf6 28. gxf6 1-0

[Event "OLSW 2324 SK Landau - SK Frankenthal"]
[Site "?"]
[Date "2024.01.14"]
[Round "5.7"]
[White "Morgenthaler, Nick"]
[Black "Leuranguer, Yannick"]
[Result "1/2-1/2"]
[WhiteElo "1804"]
[BlackElo "2192"]
[PlyCount "51"]
[EventDate "2024.??.??"]

1. d4 d5 2. c4 e6 3. Nf3 Nf6 4. g3 Be7 5. Bg2 O-O 6. Qc2 b6 7. O-O Bb7 8. Rd1 dxc4 9. Qxc4 c5 10. Nc3 Qc8 11. Bg5 cxd4 12. Qxc8 Rxc8 13. Nxd4 Bxg2 14. Kxg2 Nc6 15. Nxc6 Rxc6 16. Rac1 Rac8 17. Ne4 Rxc1 18. Rxc1 Rxc1 19. Nxf6+ Bxf6 20. Bxc1 Kf8 21. Kf3 Ke7 22. Ke3 Kd6 23. Kd3 Kc5 24. Be3+ Kb4 25. Bd2+ Kc5 26. Be3+ 1/2-1/2

[Event "OLSW 2324 SK Landau - SK Frankenthal"]
[Site "?"]
[Date "2024.01.14"]
[Round "5.8"]
[White "Kuhn, Daniel"]
[Black "Kern, Alexander"]
[Result "1-0"]
[WhiteElo "1888"]
[BlackElo "1495"]
[PlyCount "53"]
[EventDate "2024.??.??"]

1. e4 c5 2. Nc3 e6 3. Nf3 a6 4. d4 cxd4 5. Nxd4 Qc7 6. Bd3 Bb4 7. O-O Bxc3 8. bxc3 Nf6 9. Ba3 d6 10. Qe2 Nbd7 11. f4 b5 12. Bb4 Nc5 13. e5 Nd5 14. exd6 Qxd6 15. Nf5 Qc7 16. Nxg7+ Kf8 17. Nh5 Nxb4 18. cxb4 Nxd3 19. cxd3 Qe7 20. Qe5 Rg8 21. Rac1 Bb7 22. Ng3 Qxb4 23. Rc7 Bd5 24. Rfc1 Re8 25. Rc8 Qe7 26. R1c7 Qb4 27. Rxe8+ 1-0

[Event "OLSW 2324 SG Kaiserslautern - SV Worms 1"]
[Site "?"]
[Date "2024.01.14"]
[Round "5.1"]
[White "Nasshan, Dennis"]
[Black "Mueller, Elias"]
[Result "1-0"]
[WhiteElo "2325"]
[BlackElo "2063"]
[PlyCount "65"]
[EventDate "2024.??.??"]

1. Nf3 d5 2. g3 Nf6 3. Bg2 c6 4. b3 Bg4 5. Bb2 Nbd7 6. c4 Bxf3 7. Bxf3 e5 8. Bg2 Bc5 9. O-O O-O 10. cxd5 cxd5 11. d4 exd4 12. Bxd4 Qb6 13. Bxc5 Nxc5 14. Nc3 Rad8 15. Qd4 Qc7 16. Rac1 Ne6 17. Qb4 Qe5 18. Qxb7 Rd7 19. Qb5 Rb8 20. Qa5 Rc8 21. Nxd5 Rxc1 22. Ne7+ Rxe7 23. Qxe5 Rc2 24. a3 Re8 25. e3 Rd8 26. Bf3 h6 27. h4 Rdd2 28. b4 Nc7 29. Rd1 Rxf2 30. Rd8+ Kh7 31. Qf5+ g6 32. Qxf6 a6 33. Rh8# 1-0

[Event "OLSW 2324 SG Kaiserslautern - SV Worms 1"]
[Site "?"]
[Date "2024.01.14"]
[Round "5.2"]
[White "Huschens, Matthias"]
[Black "Musiolik, David"]
[Result "1-0"]
[WhiteElo "2067"]
[BlackElo "2274"]
[PlyCount "79"]
[EventDate "2024.??.??"]

1. d4 d5 2. Nf3 e6 3. Bf4 Nf6 4. e3 c5 5. c3 Nc6 6. Nbd2 Nh5 7. Bg5 Be7 8. Bxe7 Qxe7 9. Ne5 Nf6 10. f4 Nd7 11. Bb5 Ndxe5 12. fxe5 Qh4+ 13. g3 Qh6 14. Qe2 Bd7 15. O-O Rc8 16. Rf4 c4 17. Raf1 Rf8 18. e4 Rc7 19. Ba4 Ne7 20. Rh4 Qg6 21. Bc2 Bc6 22. Bb1 dxe4 23. Nxe4 Bxe4 24. Bxe4 Nf5 25. Bxf5 exf5 26. Qf2 h6 27. Rf4 Qe6 28. Rxf5 Re7 29. d5 Qxd5 30. Qxa7 Rc7 31. e6 Qxe6 32. R5f3 Qd6 33. Qa4+ Rd7 34. Qa8+ Rd8 35. Qxb7 Qc5+ 36. Kh1 Rd7 37. Qb8+ Rd8 38. Re1+ Kd7 39. Qb7+ Kd6 40. Rxf7 1-0